S7->Katowice - Statystyki

Ogólne statystyki
  • Ten quiz został rozwiązany 15 razy
    6 od ostatniego zresetowania
  • Średni wynik to 21 z 28
Statystyki odpowiedzi
Nr. Stacja % Poprawnych
28. Katowice
100%
27. Katowice Brynów
100%
26. Katowice Ligota
100%
25. Katowice Piotrowice
100%
23. Mikołów
100%
20. Orzesze
100%
1. Racibórz
100%
18. Czerwionka
83%
16. Leszczyny
83%
24. Mikołów Jamna
83%
14. Rybnik
83%
10. Rydułtowy
83%
17. Czerwionka Dębieńsko
67%
22. Łaziska Górne
67%
21. Łaziska Górne Brada
67%
9. Łuków Śląski
67%
3. Nędza
67%
4. Nędza Wieś
67%
19. Orzesze Jaśkowice
67%
12. Rybnik Niedobczyce
67%
11. Rybnik Niewiadom
67%
15. Rybnik Paruszowiec
67%
13. Rybnik Towarowy
67%
7. Sumina
67%
2. Racibórz Markowice
50%
8. Sumina Wieś
50%
6. Górki Śląskie
33%
5. Szymocice
33%
Nie znaleziono quizów pasujących do podanych kryteriów
Rozkład punktacji
Procent ludzi z każdym wynikiem
Percentyl według liczby udzielonych odpowiedzi
Twoja historia wyników
Nie rozwiązałeś tego quizu od ostatniego zresetowania